000
00299nam a2200133Ia 4500
003
OSt
005
20231107071619.0
008
170524s9999 xx 000 0 und d
020
_a
9788129710947
040
_c
IIMT UNIVERSITY
100
_a
STALLING- W.
245
0
_a
OPERATING SYSYEM
942
_2
ddc
_c
02
999
_c
3427
_d
3427